Loreto College Library, Kolkata
WEBOPAC (ONLINE PUBLIC ACCESS CATALOGUE)

John Donne (Record no. 13182)

MARC details
000 -LEADER
fixed length control field 00576nam a2200229Ia 4500
005 - DATE AND TIME OF LATEST TRANSACTION
control field 20230109095241.0
008 - FIXED-LENGTH DATA ELEMENTS--GENERAL INFORMATION
fixed length control field 131103s9999 xx 000 0 und d
010 ## - LIBRARY OF CONGRESS CONTROL NUMBER
LC control number 333747836
020 ## - ISBN | অাই এস বি এন
ISBN | অাই এস বি এন GBP5.00
040 ## - CATALOGING SOURCE
Original cataloging agency Loreto College
041 ## - LANGUAGE CODE
Language code English
082 ## - DDC | ডিউই
Classification number | বর্গসংখ্যা 821.3
Book Number | গ্রন্থাঙ্ক DON-NUT
100 ## - MAIN ENTRY--PERSONAL NAME | মুখ্য সংলেখ - ব্যাক্তিনাম
Personal name | ব্যাক্তিনাম Nutt,Joe
245 ## - TITLE STATEMENT | অাখ্যা বিবরণী
Title | অাখ্যা John Donne
Sub title | উপঅাখ্যা the poems
Statement of responsibility | লেখকের দায়িত্বের বিবরণ Joe Nutt
260 ## - IMPRINT | প্রকাশনা ক্ষেত্র
Place of publication | প্রকাশ স্থান Houndmills
Name of publisher | প্রকাশকের নাম Macmillan
Date of publication | প্রকাশ কাল 1999
300 ## - PHYSICAL DESCRIPTION |
Page / Vol. No | পৃষ্ঠা / খন্ড সংখ্যা ix,211 p.
504 ## - BIBLIOGRAPHY, ETC. NOTE
Bibliography, etc Includes notes and index
650 ## - SUBJECT ADDED ENTRY--TOPICAL TERM | বিষয় শিরোনাম - মূল বিষয়
Topical term | মূল বিষয় English Poetry
651 ## - SUBJECT ADDED ENTRY--GEOGRAPHIC NAME | বিষয় শিরোনাম - ভৌগলিক নাম
Geographic name | ভৌগলিক বিষয় 16th Century - Poet - Donne
850 ## - HOLDING INSTITUTION
Holding institution LCLIB
942 ## - ADDED ENTRY ELEMENTS (KOHA)
Koha item type Books
Holdings
Withdrawn status Lost status Source of classification Damaged status Not for loan Home library Current library Date acquired Total Checkouts Full call number Accession No. Date last seen Date checked out Price effective from Koha item type Coded location qualifier
    Dewey Decimal Classification     Loreto College Loreto College 04/11/2013 14 821.3 DON-NUT 41800 B13205 02/01/2025 18/12/2024 04/11/2013 Books